Motorsport places to country - Statistics

General Stats
  • This quiz has been taken 31 times
  • The average score is 25 of 30
Answer Stats
Hint Answer % Correct
Le Mans France
100%
Monza Italy
100%
Suzuka Japan
100%
Nürburgring Germany
96%
Imola Italy
96%
Monte-Carlo Monaco
96%
Silverstone United Kingdom
96%
Daytona United States
96%
Indianapolis United States
96%
Albert Park Australia
92%
Spielberg Austria
92%
Zandvoort Netherlands
92%
Portimão Portugal
92%
Francorchamps Belgium
88%
Interlagos Brazil
85%
Sachsenring Germany
85%
Buddh India
85%
Maranello Italy
85%
Mugello Italy
85%
Lusail Qatar
85%
Milton Keynes United Kingdom
85%
Sakhir Bahrain
77%
Magny-Cours France
77%
Sepang Malaysia
77%
Kyalami South Africa
69%
Madring Spain
69%
Brno Czechia
58%
Dakar Senegal
58%
Mandalika Indonesia
38%
Sanya China
31%
No matching quizzes found
Score Distribution
Percent of People with Each Score
Percentile by Number Answered
Your Score History
You have not taken this quiz